Reprotech Ltd v East Sussex CC (Record no. 62229)
[ view plain ]
| 000 -LEADER | |
|---|---|
| fixed length control field | 00777cam a2200193 4500 |
| 001 - CONTROL NUMBER | |
| control field | X103594 |
| 008 - FIXED-LENGTH DATA ELEMENTS--GENERAL INFORMATION | |
| fixed length control field | 000000n2000 000 0 eng u |
| 035 ## - SYSTEM CONTROL NUMBER | |
| System control number | (Sirsi) u103594 |
| 245 ## - TITLE STATEMENT | |
| Title | Reprotech Ltd v East Sussex CC |
| 260 ## - PUBLICATION, DISTRIBUTION, ETC. | |
| Date of publication, distribution, etc. | 2000 |
| 490 ## - SERIES STATEMENT | |
| Series statement | New Property Cases |
| Volume/sequential designation | [1999] NPC 109 |
| 520 ## - SUMMARY, ETC. | |
| Summary, etc. | QBD 30 July 1999. An informal application for planning permission upon which the Ipa acted is binding on them. The generation of electricity is held to be ancillary to the principal use of waste disposal. TAKEN FROM JOURNAL HEADNOTE-NO PHOTOCOPYING ALLOWED. |
| 650 ## - SUBJECT ADDED ENTRY--TOPICAL TERM | |
| Topical term or geographic name entry element | REPROTECH LTD V E SUSSEX CC |
| 650 ## - SUBJECT ADDED ENTRY--TOPICAL TERM | |
| Topical term or geographic name entry element | TOWN AND COUNTRY PLANNING ACT 1990 |
| 650 ## - SUBJECT ADDED ENTRY--TOPICAL TERM | |
| Topical term or geographic name entry element | ELECTRICITY ACT 1989 |
| 650 ## - SUBJECT ADDED ENTRY--TOPICAL TERM | |
| Topical term or geographic name entry element | WASTE DISPOSAL |
| 690 ## - LOCAL SUBJECT ADDED ENTRY--TOPICAL TERM (OCLC, RLIN) | |
| Topical term or geographic name as entry element | WASTE MANAGEMENT-CASE LAW |
| 942 ## - ADDED ENTRY ELEMENTS (KOHA) | |
| Suppress in OPAC | 0 |
| Withdrawn status | Lost status | Source of classification or shelving scheme | Damaged status | Not for loan | Home library | Current library | Shelving location | Date acquired | Total Checkouts | Full call number | Barcode | Date last seen | Copy number | Price effective from | Koha item type |
|---|---|---|---|---|---|---|---|---|---|---|---|---|---|---|---|
| Dewey Decimal Classification | London | London | Journal article | 14/01/2000 | X103594 | 103594-1001 | 06/08/2019 | 1 | 06/08/2019 | Law report |